| 000 | 00937cam a22003017a 4500 | ||
|---|---|---|---|
| 003 | CHAP | ||
| 005 | 20220329141412.0 | ||
| 008 | 971013s1981 r 00010 d | ||
| 010 | _a67582 | ||
| 011 | _a68554 | ||
| 035 | _a78027 | ||
| 040 | _cCHAP | ||
| 082 |
_a630 _bF37 1981 |
||
| 100 | 0 | 0 |
_aFarrás, Javier. _939811 |
| 245 | 0 |
_aManual práctico de agricultura _b: lo que todo agricultor debe saber |
|
| 250 | _a5 ed. aum. | ||
| 260 |
_aBarcelona : _bSintes, _c1981 |
||
| 300 |
_a363 p. _b: ilus. |
||
| 590 |
_aBATCH-UPD _b10 _c20130110 _lUCH01 _h0412 |
||
| 590 |
_aBATCH-UPD _b10 _c20130110 _lUCH01 _h2109 |
||
| 590 |
_aBATCH-UPD _b10 _c20130410 _lUCH01 _h0047 |
||
| 590 |
_aBATCH-UPD _b10 _c20130914 _lUCH01 _h1353 |
||
| 590 |
_aCONVERSION _b10 _c20130109 _lUCH01 _h1337 |
||
| 650 | 1 | 4 |
_aAgricultura. _91172 |
| 901 | _aBK | ||
| 942 | _cLIBRO | ||
| 949 |
_a630 F37 1981 _bBC _cLIBRO _d33724000688230 _eLIBRO _gI.144496 _h74627 _i78027 _si _t54.00 |
||
| 999 |
_c67582 _d67582 |
||